00260nam a2200097Ia 4500008004100000245002700041245002000068260000900088650001700097856004800114171211s9999 xx 000 0 und d aBujin. Divino guerrero cMasaaki Hatsumi c1993 xMartial Arts uhttp://down.ebook777.com/064/8460451119.pdf